000 00687nam a2200289Ia 4500
005 20260324150417.0
008 008 260324s9999 xx 000 0 eng d
020 _a9780429497063
037 _aEBOOK
040 _aCRL
040 _beng
040 _cCRL
041 _2eng
041 _aeng
084 _qCRL
100 _aErwin Panofsky
_91226321
245 0 _aStudies In Iconology
245 0 _bHumanistic Themes In The Art Of The Renaissance
260 _bTaylor and Francis
260 _c1967
365 _a
365 _b230
856 _uhttp://www.taylorfrancis.com/books/9780429497063
942 _cEBOOK
999 _c1835721
_d1835721